Ecrire pour quoi faire? : lettres, comptes rendus, resumes de textes
Αποθηκεύτηκε σε:
| Κύριος συγγραφέας: | |
|---|---|
| Άλλοι συγγραφείς: | |
| Μορφή: | Βιβλίο |
| Γλώσσα: | French |
| Δημοσίευση: |
Paris :
Didier,
c1981
|
| Θέματα: | |
| Ετικέτες: |
Προσθήκη ετικέτας
Δεν υπάρχουν, Καταχωρήστε ετικέτα πρώτοι!
|
MARC
| LEADER | 00000nam a2200000 i 4500 | ||
|---|---|---|---|
| 001 | 1/10978 | ||
| 008 | 000907s1981 fre d | ||
| 035 | |l 10063659 | ||
| 040 | |a GR-MY-UA |b gre |e aacr | ||
| 041 | 0 | |a fre | |
| 082 | 0 | |a 448 | |
| 100 | 1 | |a Grabner, Cecile. | |
| 245 | 1 | 0 | |a Ecrire pour quoi faire? : |b lettres, comptes rendus, resumes de textes / |c Cecile Grabner, Michele Hague |
| 260 | |a Paris : |b Didier, |c c1981 | ||
| 300 | |a 222 p.; |c 27 cm | ||
| 650 | 0 | 0 | |a French language |x Study and teaching |x Audio-visual aids. |
| 700 | 1 | |a Hague, Michele. | |
| 852 | |a INST |b RHODES |e 20000907 |h 448 GRA |p 005400008153 |q 005400008153 |t BK |y 0 | ||
| 909 | |a Ρ |b 023355 | ||
| 922 | |a 4ΕΛΗ |b 199205 | ||
| 970 | |z 2000/09/ΣΟΦΙΑ | ||